| 000 | 01145nam a22002297a 4500 | ||
|---|---|---|---|
| 999 |
_c57011 _d57011 |
||
| 005 | 20191004120120.0 | ||
| 008 | 191004s2019 en ||||| |||| 00| 0 eng d | ||
| 020 | _a9789941462979 | ||
| 041 | _ageo | ||
| 080 | _a53 B-69 | ||
| 245 |
_aBOOK OF ABSTRACTS : JAPMED' 11 _b11th Japanese-Mediterranean Workshop Appliend Electromagnetie Engineering fer Magnetie, Superconducting, Multifunctional and Nanomaterials / _cconference secretariat : L. Kalandadze ; I. Jabnidze ; N. Japaridze . |
||
| 264 |
_aBatumi : _bBatumi SHOTA RUSTAVELI STATE UNIVERSITY, _c2019. |
||
| 300 |
_a143 p .: _c28 cm. |
||
| 653 | _aელექტრომაგნიტური ინჟინერია | ||
| 653 | _aფიზიკა | ||
| 653 | _aკონფერენცია | ||
| 700 |
_aKalandadze , L _eკონფერენციის სამდივნო _94503 |
||
| 700 |
_aJabnidze , I _eკონფერენციის სამდივნო _94504 |
||
| 700 |
_aJaparidze , N _eკონფერენციის სამდივნო _94505 |
||
| 710 |
_eBatumi SHOTA RUSTAVELI STATE UNIVERSITY _94507 |
||
| 942 |
_2udc _cBK |
||